| 000 | 00767cam a22002411i 4500 | ||
|---|---|---|---|
| 001 | gs 16000377 | ||
| 003 | DLC | ||
| 005 | 20260227111319.0 | ||
| 008 | 791130s1916 dcu f000 0 eng | ||
| 010 | _ags 16000377 | ||
| 035 | _a(OCoLC)5745334 | ||
| 040 |
_aDLC _cNFredU _dICharE _dOCoLC _dDLC |
||
| 042 | _apremarc | ||
| 043 | _an-us-nm | ||
| 050 | 0 | 0 |
_aQE75 _b.B9 no. 618 |
| 100 | 1 |
_aDarton, Nelson Horatio, _d1865-1948. |
|
| 245 | 1 | 0 |
_aGeology and underground water of Luna county, New Mexico / _cNelson H. Darton. |
| 260 |
_aWashington : _bGovt. Print. Off., _c1916. |
||
| 300 |
_a188 p. : _bill., maps ; _c23 cm. |
||
| 410 | 2 | 0 |
_aGeological Survey (U.S.). _tBulletin ; _v618 |
| 650 | 0 |
_aGeology _zNew Mexico _zLuna County. |
|
| 650 | 0 |
_aGroundwater _zNew Mexico. |
|
| 999 |
_c25663 _d25663 |
||